000 00281nam a22001217a 4500
008 170418b xxu||||| |||| 00| 0 eng d
041 _aeng
080 _a573
100 _a11
101 _aSHM
245 _aTHE CELLULAR BASIS OF THE IMMUNE RESPONSE
_cGOLUB, E.S
942 _2udc
_cBK
999 _c11037
_d11037